000 00280nam a2200085Ia 4500
008 220120s9999||||xx |||||||||||||| ||und||
100 _aJayaprasad, K.M and Amritha, C.K
_912207
245 0 _aATM transaction security using GSM
260 _aCoorg Institute of Technology
_bPonnampet
_c2009
999 _c137793
_d137793